000 00334nam a22001337a 4500
999 _c533706
_d533706
003 NUST
038 _awaseem
082 _a515
_bFIN
100 _aFinney, Ross L.
_958
245 _aCalculus and Analytic Geometry /
_cRoss L. Finney
260 _aNew York :
_bAddison-wesley Publishing,
_c1996.
300 _a1139 p.
942 _2ddc
_cBK